000
00334nam a2200145 a 4500
008
160203s2006|||| d
245
1
0
_a
Zmaturuj z biológie
250
_a
1. vydanie
300
_a
224 s.
020
_a
80-86285-87-1
_c
0
041
_a
slo
044
_a
xo
_c
SK
260
_b
DIDAKTIS
_a
Bratislava
_c
2006
958
_a
A
999
_c
21025
_d
21025